=LDR 00000nam 2200000 4500 =001 INLIS00000000000003 =005 20260702043538 =020 ##$$a 978-602-52915-2-4 =082 ##$$a 338.372 =100 1#$$a Ismadi =245 1 $$a Agribisnis Perikanan /$c Ismadi =300 ##$$a viii + 98 ; 14 x 20